000 00413nam a22001457a 4500
003 SGT
082 _a610.734
_bP24M
100 _aMANIVANNAN, SHYAMALA D.
245 _aPROCEDURE MANUAL OF COMMUNITY HEALTH NURSING FOR NURSING STUDENTS
260 _aINDIA
_bCBS PUB
_c2024
300 _a67
650 _aCUMMUNITY HEALTH NURSING
653 _aPROCEDURE MANUAL OF COMMUNITY HEALTH NURSING
942 _2ddc
_cBK
_01
999 _c27554
_d27554